Giáo trình nguyên lí chi tiết máy
Đã lưu trong:
| Tác giả chính: | |
|---|---|
| Định dạng: | Sách |
| Ngôn ngữ: | Undetermined |
| Được phát hành: |
Hà Nội
Nông nghiệp
1983
|
| Những chủ đề: | |
| Các nhãn: |
Thêm thẻ
Không có thẻ, Là người đầu tiên thẻ bản ghi này!
|
| Thư viện lưu trữ: | Trung tâm Học liệu Trường Đại học Cần Thơ |
|---|
| LEADER | 00564nam a2200181Ia 4500 | ||
|---|---|---|---|
| 001 | CTU_15950 | ||
| 008 | 210402s9999 xx 000 0 und d | ||
| 082 | |a 621.82 | ||
| 082 | |b V308 | ||
| 100 | |a Nghiêm Tấn Việt | ||
| 245 | 0 | |a Giáo trình nguyên lí chi tiết máy | |
| 245 | 0 | |c Nghiêm Tấn Việt, Hoàng Trọng Côn | |
| 260 | |a Hà Nội | ||
| 260 | |b Nông nghiệp | ||
| 260 | |c 1983 | ||
| 650 | |a machine parts | ||
| 904 | |i Nguyễn Quang Điền, 970506 | ||
| 980 | |a Trung tâm Học liệu Trường Đại học Cần Thơ | ||